000 01168nam a22003497a 4500
003 CHAP
005 20220329134324.0
008 971013s1977 r 00010 d
010 _a18723
011 _a19695
035 _a23780
040 _cCHAP
082 _a632
_bD4
100 0 0 _aDeverall,, Brian James.
_932309
245 _aDefence mechanisme of plants
260 _aLondon :
_bCambridge,
_c1977
300 _a110 p.
490 _aCambridge monographs in experimental biology
_v; 19
590 _aBATCH-UPD
_b10
_c20130109
_lUCH01
_h2318
590 _aBATCH-UPD
_b10
_c20130110
_lUCH01
_h0208
590 _aBATCH-UPD
_b10
_c20130110
_lUCH01
_h1553
590 _aBATCH-UPD
_b10
_c20130409
_lUCH01
_h1839
590 _aBATCH-UPD
_b10
_c20130914
_lUCH01
_h0857
590 _aCONVERSION
_b10
_c20130109
_lUCH01
_h1311
650 1 4 _aInteracción huésped-parásito.
_959512
650 1 4 _aPlantas
_xResistencia a enfermedades.
_988882
650 1 4 _aPlantas
_xResistencia a plagas.
_988885
830 0 _aCambridge monographs in experimental biology
_v; 19
_917812
901 _aBK
942 _cLIBRO
949 _a632 D4
_bBC
_cLIBRO
_d33724000173522
_eLIBRO
_h54738
_i23780
_si
999 _c18723
_d18723